000
00333nam a22001457a 4500
003
SGT
020
_a
9788194789994
082
_a
150,GAR
100
_a
GARRETT, HENRY E.
245
_a
STATISTICS IN PSYCHOLOGY AND EDUCATION
260
_a
NEW DELHI
_b
NATION PRESS
_c
2024
300
_a
317
650
_a
PSYCHOLOGY
942
_2
ddc
_c
BK
999
_c
26712
_d
26712